000 00932nam a22002655i 4500
001 176091
003 ES-MaACL
005 20230906220001.0
008 101215s1958 sp a |||| | spa d
080 _a616.24
080 _a54-77
100 1 _aWihelmi, J.
_9144332
245 1 3 _aLa broncografía en el diagnóstico de las malformaciones congénitas del pulmón /
_cpor J. Wihelmi, J. Solans y J. Fraile.
260 _aMadrid :
_bServicio de Medicina Interna Hospital Militar "Gómez Ulla",
_c1958.
300 _a18 p. :
_bil. ;
_c17 cm.
490 1 _aCuadernos de medicina interna ;
_v37
650 0 4 _aPulmones-
_xTratamiento.
_9136792
650 0 4 _aRayos X.
_9136804
700 1 _aSolans, J.
_9144333
700 1 _aFraile, J.
_9144334
710 2 _aHospital Militar Central "Gómez Ulla"
_9141700
830 0 _aCuadernos de medicina interna ;
_v37
_9183827
852 _aES-MaACL
_j2086-F-22
999 _c176091
_d176091